00587nam a2200193 4500010001500000020002600015035001400041037000900055082001300064100003100077245006800108250000600176260003600182270010200218300002000320700001000340942002400350999001900374 aENG-147585 a9789391399092c200.00 aEN-131117 bDBAD a612.6b1 aKanniyakonil,Scaria986812 aThe Truth nd Beauty of Human Sexuality/cby Scaria Kanniyakonil a1 bAtc publishersaBengaluruc2022 aSt.Mary's Block, Archdiocesan Pastrol Centre,no-5,Nandidurga Road, Benson TownbBengalurue560046 aP.184c21cm(pb) 986796 2ddccENh612.6mKan c214464d214464